La ciencia de la imagen. Iconología, cultura visual y estética de los medios.

Kaydedildi:
Detaylı Bibliyografya
Yazar: Mitchell, W.J.T
Materyal Türü: Bilinmiyor
Dil:İngilizce
Baskı/Yayın Bilgisi: Madrid, España. Ediciones Akal, 2019
Seri Bilgileri:Estudios Visuales, 12
Konular:
Etiketler: Etiketle
Etiket eklenmemiş, İlk siz ekleyin!

MARC

LEADER 00000 a2200000 4500
003 CL-VaPUC
005 20211007155638.0
008 210722b2019 ||||| |||| 00| 0 eng d
999 |c 433347  |d 433345 
020 |a 9788446047568 
040 |c Pontificia Universidad Católica de Valparaíso 
082 |a 701.8 MIT 2019 
100 |a Mitchell, W.J.T.  |9 862144 
245 |a La ciencia de la imagen.  |b Iconología, cultura visual y estética de los medios. 
260 |a Madrid, España.   |b Ediciones Akal,  |c 2019 
300 |a 216 páginas  
490 |a Estudios Visuales,   |v  12 
583 |k Cristina Rojas  |c 20210722 
650 |a Imagen(Filosofía)  |9 862347 
650 0 |a Comunicación visual   |v Filosofía   |9 265349 
650 0 |a Medios de comunicación  |9 257206  |x Filosofía  
650 0 |a Simbolismo en el arte  |9 265074 
942 |2 ddc  |c BK 
952 |0 0  |1 0  |2 ddc  |4 0  |6 701_800000000000000_MIT_2019  |7 0  |8 A  |9 578498  |a BIBART  |b BIBART  |d 2021-07-28  |e 135  |g 28000.00  |i 5586585  |l 6  |o 701.8 MIT 2019  |p 5586585  |r 2025-03-13  |s 2022-05-11  |t 1  |v 28000.00  |w 2021-07-28  |y BK  |k ART